[Event "DOM-ch (Women)"]
[Site "Santo Domingo"]
[Date "2019.03.08"]
[Round "5"]
[White "Munoz Bonifacio, Elena Julia"]
[Black "Feliz Salazar, Karolay"]
[Result "0-1"]
[WhiteElo "1245"]
[BlackElo "1546"]
[PlyCount "54"]
[EventDate "2019.03.01"]
[EventType "swiss"]
[EventRounds "8"]
[EventCountry "DOM"]
[SourceTitle "CBM 189 Extra"]
[Source "ChessBase"]
[SourceDate "2019.06.03"]
[SourceVersion "1"]
[SourceVersionDate "2019.06.03"]
[SourceQuality "1"]

1. e4 e5 2. Nf3 Nc6 3. Bc4 Bc5 4. d3 h6 5. Nc3 d6 6. h3 Nge7 7. Na4 Bb6 8. Bd2 0-0 9. Be3 a6 10. Nxb6 cxb6 11. d4 Ng6 12. dxe5 dxe5 13. Nxe5 Ngxe5 14. Bd5 Be6 15. Bxe6 fxe6 16. Qh5 Qf6 17. 0-0 Qg6 18. Qxg6 Nxg6 19. Rad1 Rad8 20. a3 Nf4 21. Bd2 e5 22. Be3 b5 23. Bb6 Rxd1 24. Rxd1 Rf7 25. b3 Ne2+ 26. Kf1 Ng3+ 27. Ke1 Nxe4 0-1